Revue francaise d'automatique informatique recherche operationelle

Salvato in:
Dettagli Bibliografici
Natura: Periodico
Lingua:francese
Pubblicazione: Paris Dunod
Tags: Aggiungi Tag
Nessun Tag, puoi essere il primo ad aggiungerne!!

MARC

LEADER 00000nas1a2200000$$$4500
001 0018561
005 20250730114821.8
041 0 |a fre 
044 |a FR 
245 1 0 |a Revue francaise d'automatique informatique recherche operationelle 
264 1 |a Paris  |b Dunod